000
00215 a2200097 4500
001
23382
100
_a
Volterra, E
245
_a
Dynamics of Vibrations
260
_a
_b
Charles E Merril
_c
1965
090
_c
15800
_d
15800
942
_a
NUST-CAE
_c
M
_c
6448
999
_c
258455
_d
258455